Duty-bound to tell the truth (Record no. 76820)
[ view plain ]
| 000 -LEADER | |
|---|---|
| fixed length control field | 01434cab a2200193 4500 |
| 001 - CONTROL NUMBER | |
| control field | ##L133143 |
| 008 - FIXED-LENGTH DATA ELEMENTS--GENERAL INFORMATION | |
| fixed length control field | 060418n2006 000 0 eng u |
| 035 ## - SYSTEM CONTROL NUMBER | |
| System control number | (Sirsi) u133143 |
| 041 0# - LANGUAGE CODE | |
| Language code of text/sound track or separate title | eng |
| 100 1# - MAIN ENTRY--PERSONAL NAME | |
| Personal name | Shepherd, Mark |
| 245 00 - TITLE STATEMENT | |
| Title | Duty-bound to tell the truth |
| 260 ## - PUBLICATION, DISTRIBUTION, ETC. | |
| Date of publication, distribution, etc. | 2006 |
| 490 #0 - SERIES STATEMENT | |
| Series statement | Property Week |
| Volume/sequential designation | 71(15) 14 April 2006, 76-77(2) |
| 520 ## - SUMMARY, ETC. | |
| Summary, etc. | RICS members fear that they will be placed at a commercial disadvantage if the latest RICS practice statement for expert witnesses is published in its present form. They claim that the rules that RICS expert witnesses must follow are harsher than those applied by the Royal Town Planning Institute (RTPI) to chartered planners. For instance, the consultation document states that RICS members should put their duty to the court over their duty to the client. This involves stating in their professional opinion whether they agree with their client or not. In contrast, town planners do not have to volunteer this information. RICS must therefore decide whether it should relax its rules, or ask the RTPI to change its rules. However, there are surfacing indications that the RTPI will be resistant. |
| 590 ## - LOCAL NOTE (RLIN) | |
| Local note | IKA250406 |
| 650 24 - SUBJECT ADDED ENTRY--TOPICAL TERM | |
| Topical term or geographic name entry element | SURVEYORS ACTING AS EXPERT WITNESSES RICS PRACTICE STATEMENT AND GUIDANCE NOTE |
| 690 ## - LOCAL SUBJECT ADDED ENTRY--TOPICAL TERM (OCLC, RLIN) | |
| Topical term or geographic name as entry element | MANAGEMENT-DISPUTE AVOIDANCE, MANAGEMENT AND RESOLUTION-DISPUTE MANAGEMENT AND RESOLUTION-EXPERT WITNESSES-EXPERT EVIDENCE |
| 942 ## - ADDED ENTRY ELEMENTS (KOHA) | |
| Suppress in OPAC | 0 |
| Withdrawn status | Lost status | Source of classification or shelving scheme | Damaged status | Not for loan | Home library | Current library | Shelving location | Date acquired | Total Checkouts | Full call number | Barcode | Date last seen | Copy number | Price effective from | Koha item type |
|---|---|---|---|---|---|---|---|---|---|---|---|---|---|---|---|
| Dewey Decimal Classification | London | London | Journal article | 18/04/2006 | L133143 | 133143-1001 | 06/08/2019 | 1 | 06/08/2019 | Journal article |